Flags of the Provinces and Territories of Canada - Statistics

General Stats
  • This quiz has been taken 18 times
  • The average score is 10 of 13
Answer Stats
Picture Answer % Correct
British Columbia
87%
New Brunswick
87%
Northwest Territory
87%
Nova Scotia
87%
Quebec
87%
Saskatchewan
87%
Newfoundland and Labrador
80%
Prince Edward Island
80%
Alberta
73%
Manitoba
73%
Nunavut
73%
Ontario
67%
Yukon Territory
60%
No matching quizzes found
Score Distribution
Percent of People with Each Score
Percentile by Number Answered
Your Score History
You have not taken this quiz